San Martín /

Guardado en:
Autor Principal: Arcella, Darío
Formato: Deslizar
Series:Educable
Materias:
Etiquetas: Agregar Etiqueta
Sin Etiquetas, Sea el primero en etiquetar este registro!
LEADER 00983ngm a22002895g 4500
001 CEM.cems022093
008 130507b1994##################0###0#####d
005 20241003213239.0
245 1 0 |a San Martín /  |c Darío Arcella. 
300 |a 22'. 
490 0 |a Educable 
500 |a En soporte VHS, consultar en ventanilla. 
505 0 |a San Martín gobernador de Cuyo. Comentario de los historiadores M. Saenz Quesada, Daniel Dueñas. El cruce de los Andes. Chacabuco. Cancha rayada. Maipú. 
538 |a Soporte: VHS - Norma: Pal N - Color - Grabación DRD 1994 - Hitachi=5220 
100 1 |a Arcella, Darío 
082 9 8 |. 03/ARC 
653 |a HISTORIA ARGENTINA 
653 |a POLITICA 
653 |a SAN MARTIN 
653 |a CUYO 
653 |a ANDES, CRUCE DE LOS 
653 |a CHACABUCO 
653 |a CANCHA RAYADA 
653 |a MAIPU 
653 |a ARGENTINA HISTORIA 
653 |a NIVEL SECUNDARIO 
859 |a CEMS  |b BIB. CEMS - Depto. Recursos Didacticos  |h 982.03  |i ARC  |k DRD  |p 736.12  |t Ej.1